| 000 | 00931nam a2200277 i 4500 | ||
|---|---|---|---|
| 001 | 114891 | ||
| 003 | ES-MaACL | ||
| 005 | 20250729085706.0 | ||
| 007 | t| | ||
| 008 | 070208s1965 sp ||||1| spa d | ||
| 080 | _a262.122:262.5 Vat.II | ||
| 111 | 2 |
_aConcilio Vaticano ( _n2º. _d1962-1965) _9122 |
|
| 245 | 1 | 0 |
_aDecreto sobre el Ministerio pastoral de los obispos en la iglesia / _cintroducción: Narciso Jubany. |
| 250 | _a1ª ed. | ||
| 260 |
_aBarcelona : _bEstela, _c1965. |
||
| 300 |
_a86 p. ; _c20 cm. |
||
| 490 | 1 |
_aDocumentos del Concilio Vaticano II ; _v7 |
|
| 490 | 1 | _aColección "Mens Petri" | |
| 500 | _aTexto en español y latín. | ||
| 650 | 1 | 7 |
_aObispos _2embne _915655 |
| 700 | 1 |
_aJubany i Arnau, Narcís ( _d1913-1996) _9140069 |
|
| 830 | 0 |
_aDocumentos del Concilio Vaticano II ; _v7 _9185802 |
|
| 830 | 0 |
_aColección "Mens Petri" _9185803 |
|
| 852 |
_aES-MaACL _jC-56628 |
||
| 999 |
_c114891 _d114891 |
||